Intervenir en situation de crise (notice n° 1586835)
[ vue normale ]
| 000 -LEADER | |
|---|---|
| fixed length control field | 00998cam a2200253 4500500 |
| 005 - DATE AND TIME OF LATEST TRANSACTION | |
| control field | 20251228060044.0 |
| 041 ## - LANGUAGE CODE | |
| Language code of text/sound track or separate title | fre |
| 042 ## - AUTHENTICATION CODE | |
| Authentication code | dc |
| 100 10 - MAIN ENTRY--PERSONAL NAME | |
| Personal name | Mauriac, Frédéric |
| Relator term | author |
| 245 00 - TITLE STATEMENT | |
| Title | Intervenir en situation de crise |
| 260 ## - PUBLICATION, DISTRIBUTION, ETC. | |
| Date of publication, distribution, etc. | 2002.<br/> |
| 500 ## - GENERAL NOTE | |
| General note | 6 |
| 520 ## - SUMMARY, ETC. | |
| Summary, etc. | RésuméRéflexion d’une équipe lors d’interventions sur des situations de famille dont l’enfant ou l’adolescent est en crise. Interventions à durée limitée s’appuyant sur le modèle systémique et travaillant la relation entre les partenaires, tant professionnels que familiaux. |
| 690 ## - LOCAL SUBJECT ADDED ENTRY--TOPICAL TERM (OCLC, RLIN) | |
| Topical term or geographic name as entry element | émique |
| 690 ## - LOCAL SUBJECT ADDED ENTRY--TOPICAL TERM (OCLC, RLIN) | |
| Topical term or geographic name as entry element | entourage |
| 690 ## - LOCAL SUBJECT ADDED ENTRY--TOPICAL TERM (OCLC, RLIN) | |
| Topical term or geographic name as entry element | étence |
| 690 ## - LOCAL SUBJECT ADDED ENTRY--TOPICAL TERM (OCLC, RLIN) | |
| Topical term or geographic name as entry element | place |
| 690 ## - LOCAL SUBJECT ADDED ENTRY--TOPICAL TERM (OCLC, RLIN) | |
| Topical term or geographic name as entry element | relation |
| 690 ## - LOCAL SUBJECT ADDED ENTRY--TOPICAL TERM (OCLC, RLIN) | |
| Topical term or geographic name as entry element | requalification |
| 700 10 - ADDED ENTRY--PERSONAL NAME | |
| Personal name | Zeltner, Laure |
| Relator term | author |
| 700 10 - ADDED ENTRY--PERSONAL NAME | |
| Personal name | Mallat, Véronique |
| Relator term | author |
| 786 0# - DATA SOURCE ENTRY | |
| Note | Enfances & Psy | 18 | 2 | 2002-06-01 | p. 55-61 | 1286-5559 |
| 856 41 - ELECTRONIC LOCATION AND ACCESS | |
| Uniform Resource Identifier | <a href="https://shs.cairn.info/revue-enfances-et-psy-2002-2-page-55?lang=fr&redirect-ssocas=7080">https://shs.cairn.info/revue-enfances-et-psy-2002-2-page-55?lang=fr&redirect-ssocas=7080</a> |
Pas d'exemplaire disponible.




Réseaux sociaux